Statistics for Hunger Games Trivia!!

Click here to take the quiz!

General Stats

  • This quiz has been taken 229 times
    (221 since last reset)
  • The average score is 5 of 16

Answer Stats

Question Answer % Correct
What color is Cinna's eyes?Green
69%
At the 74th Hunger Games reaping how many times is Gale's name entered into the reaping ball?42
69%
What is the color of the horses that pull district ones chariot for the opening ceremonies for the 74th Hunger Games?White
69%
Who does Katniss kill during the 74th Hunger Games? (in order)Glimmer,Marvel,Cato
35%
Who is the first person Katniss sees after she wakes up from the 75th Hunger Games?Beetee
34%
What former stylist helps Katniss and her team when they invade the Capitol?Tigris
34%
What childhood friend do they send in to talk to Peeta after he is rescued from the Capitol?Delly Cartwright
31%
Who is the most familiar with the underground system on Katniss's team?Pollux
28%
Who takes over Panem after Katniss kills Coin?Commander paylor
27%
What is the name of the female red-headed Avox girl Katniss meets during the 74th Hunger games?Lavinia
25%
How do the careers protect their supplies during the 74th annual Hunger Games?dug up land mines
23%
What is Katniss's Birthday?May 8th
22%
What limb does Katniss injure during the 75th Hunger Games? (specific)left forearm
21%
What is the troop number in which Katniss is placed?451
10%
What does Peeta promise Rue's and Thresh's families during the victory tour?A months worth of winnings
6%
Where does Katniss think she is after the 75th Hunger Games?under the training center
3%

Score Distribution

Percentile by Number Answered

Percent of People with Each Score

Your Score History

You have not taken this quiz since the last reset